Cities in competition (Record no. 101786)

MARC details
000 -LEADER
fixed length control field 00957cam a2200265 4500
008 - FIXED-LENGTH DATA ELEMENTS--GENERAL INFORMATION
fixed length control field 011127n2001 000 0 eng u
020 ## - INTERNATIONAL STANDARD BOOK NUMBER
International Standard Book Number 1842190830
035 ## - SYSTEM CONTROL NUMBER
System control number (Sirsi) u115742
050 ## - LIBRARY OF CONGRESS CALL NUMBER
Classification number 711.52
100 ## - MAIN ENTRY--PERSONAL NAME
Personal name Gibb, K.
245 ## - TITLE STATEMENT
Title Cities in competition
260 ## - PUBLICATION, DISTRIBUTION, ETC.
Place of publication, distribution, etc. London
Name of publisher, distributor, etc. RICS Foundation
Date of publication, distribution, etc. 2001
300 ## - PHYSICAL DESCRIPTION
Extent iii,20p.
Dimensions 30cm
490 ## - SERIES STATEMENT
Series statement RICS Foundation Report Series
520 ## - SUMMARY, ETC.
Summary, etc. Executive summary of "The future of UK cities : measurement and interpretation" investigating the impact of competition between cities to attract businesses and workers on the property industry.
650 ## - SUBJECT ADDED ENTRY--TOPICAL TERM
Topical term or geographic name entry element CITIES
650 ## - SUBJECT ADDED ENTRY--TOPICAL TERM
Topical term or geographic name entry element PROPERTY MARKET
650 ## - SUBJECT ADDED ENTRY--TOPICAL TERM
Topical term or geographic name entry element URBAN COMPETITIVENESS
690 ## - LOCAL SUBJECT ADDED ENTRY--TOPICAL TERM (OCLC, RLIN)
Topical term or geographic name as entry element PROPERTY LAW AND PRACTICE
700 ## - ADDED ENTRY--PERSONAL NAME
Personal name Kasparova, D.
700 ## - ADDED ENTRY--PERSONAL NAME
Personal name Lever, W.
710 ## - ADDED ENTRY--CORPORATE NAME
Corporate name or jurisdiction name as entry element Royal Institution of Chartered Surveyors
Subordinate unit Foundation
9 (RLIN) 4173
710 ## - ADDED ENTRY--CORPORATE NAME
Corporate name or jurisdiction name as entry element Royal Institution of Chartered Surveyors
Subordinate unit Junior Organisation
9 (RLIN) 1458
942 ## - ADDED ENTRY ELEMENTS (KOHA)
Suppress in OPAC 0
Holdings
Withdrawn status Lost status Source of classification or shelving scheme Damaged status Not for loan Home library Current library Shelving location Date acquired Total Checkouts Full call number Barcode Date last seen Copy number Price effective from Koha item type
    Dewey Decimal Classification     London London RICS Boxes 09/07/2002   RICS 2001/61 30066222 06/08/2019 1 06/08/2019 Archive
    Dewey Decimal Classification     London London RICS Boxes 07/04/2005   RICS 2001/61 30070199 06/08/2019 2 06/08/2019 Reference material